Personnages de série TV - Illustrations - Statistiques

Statistiques générales
  • Ce quiz a été pris 43 fois
  • Le résultat moyen est 4 sur 15
Statistiques - réponses
Par images Réponse % Correct
Thomas Shelby
68%
Walter White
62%
Michonne
56%
Dwight Schrute
53%
Tokyo
38%
Sheldon Cooper
32%
Captain Raymond Holt
21%
Seong Gi-Hun
21%
Galadriel
12%
Phoebe Buffay
12%
Sherlock Holmes
12%
Harvey Specter
6%
Kleo Straub
6%
John Nolan
3%
Raymond Reddington
3%
Aucun quiz correspondant
Distribution des résultats
% des personnes avec chaque résultat
Percentile par nombre de réponses
Votre historique - résultats
Vous n’avez pas pris ce quiz